000 00287nam a22001337a 4500
008 170623b xxu||||| |||| 00| 0 eng d
020 _a9780262524308
041 _aeng
080 _a32
100 _a21
101 _aSHP
245 _aNEW GLOBAL DANGERS
_cBROWN, M.E
942 _2udc
_cBK
999 _c19044
_d19044